Essential Weber a Reader (Record no. 13562)

MARC details
000 -LEADER
fixed length control field 00557nam a2200229 a 4500
020 ## - INTERNATIONAL STANDARD BOOK NUMBER
ISBN 0415244277
082 00 - DEWEY DECIMAL CLASSIFICATION NUMBER
Classification number 301
Author Cutter WHI
100 ## - MAIN ENTRY--AUTHOR NAME
Author name Whimster, Sam
245 ## - TITLE STATEMENT
Title Essential Weber a Reader
260 ## - PUBLICATION, DISTRIBUTION, ETC. (IMPRINT)
Place of publication London
Name of publisher Routledge Chapman Hall
Year of publication 2004
300 ## - PHYSICAL DESCRIPTION
Number of Pages 422p
500 ## - GENERAL NOTE
General note includes index and biblioraphy
650 ## - SUBJECT ADDED ENTRY--TOPICAL TERM
Topical Term Sociology
942 ## - ADDED ENTRY ELEMENTS (KOHA)
Koha item type Books
700 1# -
-- Whimster, Sam
Holdings
Collection code Home library Current library Date acquired Cost, normal purchase price Full call number Accession Number Koha item type
  Henry Martyn Institute Library Henry Martyn Institute Library 05/11/2007 300.00 301 WHI 021689 Books
                   Copyright © 2026 | Henry Martyn Institute | Hyderabad | TS-500052 | INDIA | Implemented by hmi.edu.in
Hit-Count:

Powered by Koha